10 ngày có thể nói 1000 câu tiếng Anh du lịch = 10 days can say 1000 english sentences for the travel
Tài liệu dành cho trẻ em rèn luyện Tiếng Anh .Nội dung bao gồm các bài hội thoại giao tiếp bằng Tiếng Anh, từ vựng.. giúp các em học tốt tiếng Anh
Guardado en:
| Formato: | Libro |
|---|---|
| Lenguaje: | Undetermined |
| Publicado: |
Hà Nội
Từ đỉển bách khoa
2011
|
| Materias: | |
| Etiquetas: |
Agregar Etiqueta
Sin Etiquetas, Sea el primero en etiquetar este registro!
|
| Thư viện lưu trữ: | Trung tâm Học liệu Trường Đại học Cần Thơ |
|---|
| LEADER | 00914nam a2200217Ia 4500 | ||
|---|---|---|---|
| 001 | CTU_170368 | ||
| 008 | 210402s9999 xx 000 0 und d | ||
| 020 | |c 30000 | ||
| 082 | |a 428.34 | ||
| 082 | |b M558 | ||
| 245 | 0 | |a 10 ngày có thể nói 1000 câu tiếng Anh du lịch = | |
| 245 | 0 | |b 10 days can say 1000 english sentences for the travel | |
| 245 | 0 | |c Tri thức Việt biên soạn | |
| 260 | |a Hà Nội | ||
| 260 | |b Từ đỉển bách khoa | ||
| 260 | |c 2011 | ||
| 520 | |a Tài liệu dành cho trẻ em rèn luyện Tiếng Anh .Nội dung bao gồm các bài hội thoại giao tiếp bằng Tiếng Anh, từ vựng.. giúp các em học tốt tiếng Anh | ||
| 650 | |a English language,Tiếng Anh | ||
| 650 | |x Spoken english,Nói tiếng Anh | ||
| 904 | |i Linh, Hải | ||
| 980 | |a Trung tâm Học liệu Trường Đại học Cần Thơ | ||